A-Z States - Statistics

General Stats
  • This quiz has been taken 22 times
  • The average score is 14 of 19
Answer Stats
Hint Answer % Correct
A Alabama
94%
F Florida
94%
U Utah
94%
K Kentucky
89%
O Oregon
89%
T Tennesse
89%
V Vermont
89%
D Delaware
83%
G Georgia
83%
L Louisianna
83%
R Rhode Island
83%
W Wyoming
83%
N New York
78%
S South Dakota
78%
I Idaho
72%
M Maine
61%
C Conneticut
11%
H Hawii
11%
P Pennslyvania
6%
No matching quizzes found
Score Distribution
Percent of People with Each Score
Percentile by Number Answered
Your Score History
You have not taken this quiz